Yugarshi Śrīarabinda. (Record no. 88617)

MARC details
000 -LEADER
fixed length control field 00491cam a22001931 4500
001 - CONTROL NUMBER
control field sa 68018743
003 - CONTROL NUMBER IDENTIFIER
control field DLC
005 - DATE AND TIME OF LATEST TRANSACTION
control field 20260227112714.0
008 - FIXED-LENGTH DATA ELEMENTS--GENERAL INFORMATION
fixed length control field 890510s1967 xx 000 0 beno
010 ## - LIBRARY OF CONGRESS CONTROL NUMBER
LC control number sa 68018743
035 ## - SYSTEM CONTROL NUMBER
System control number (OCoLC)23577423
040 ## - CATALOGING SOURCE
Original cataloging agency DLC
Transcribing agency MiU
Modifying agency DLC
050 00 - LIBRARY OF CONGRESS CALL NUMBER
Classification number BL1175.G47
Item number R64
100 1# - MAIN ENTRY--PERSONAL NAME
Personal name Roy, Dilip Kumar,
Dates associated with a name 1897-1980.
245 10 - TITLE STATEMENT
Title Yugarshi Śrīarabinda.
260 ## - PUBLICATION, DISTRIBUTION, ETC.
Date of publication, distribution, etc. [1967]
300 ## - PHYSICAL DESCRIPTION
Extent 15, 269 p.
Dimensions 23 cm.
600 10 - SUBJECT ADDED ENTRY--PERSONAL NAME
Personal name Ghose, Aurobindo,
Dates associated with a name 1872-1950.

No items available.

Powered by Koha